000 01154nam a2200313Ia 4500
999 _c53654
_d53654
001 20701
003 GE_BSU
005 20221114120634.0
008 181216s2012||||xx |||||||||||||| ||eng||
020 _a9781936287192x
040 _cGE_BSU
041 _aeng.
080 _a579+616
100 _aStratton, Charles W.
_910357
245 _aClinical Microbiology :
_bQuality in Laboratory Diagnosis /
_cCharles W. Stratton ; Editor : R. Winters Series, M. Laposta.
264 _aNew York :
_bDemosmedical,
_c2012.
300 _a151 p. ;
_c21 cm.
541 _h123 Gel.
653 _aClinical Microbiology
653 _aQuality in Laboratory Diagnosis
653 _aКлиническая микробиология
653 _aкачество лабораторной диагностики
653 _aკლინიკური მიკრობიოლოგია
653 _aხარისხის ლაბორატორიული დიაგნოზი
653 _aმედიცინა
700 _aSeries, R. Winters
_eEditor
_910358
700 _aLaposta, M.
_eEditor
_910359
942 _cBK
_2udc